[Event "Israeli Open Championship 2019"]
[Site "Jerusalem"]
[Date "2019.12.17"]
[Round "5.3"]
[White "Shtemler, Lavi"]
[Black "Flom, Gabriel"]
[Result "1/2-1/2"]
[WhiteElo "2181"]
[BlackElo "2506"]
[Annotator "ChessBase"]
[PlyCount "212"]
[EventDate "2019.12.12"]
[EventType "swiss"]
[EventCountry "ISR"]
[SourceTitle "playchess.com"]
[Source "ChessBase"]
[SourceQuality "1"]
[TimeControl "5400+30"]

1. e4 {[%emt 0:00:00]} c5 {[%emt 0:03:57]} 2. Nf3 {[%emt 0:00:00]} Nc6 {[%emt 0:00:08]} 3. d4 {[%emt 0:00:00]} cxd4 {[%emt 0:00:04]} 4. Nxd4 {[%emt 0:00:00]} Nf6 {[%emt 0:00:03]} 5. Nc3 {[%emt 0:00:00]} d6 {[%emt 0:00:07]} 6. Bg5 {[%emt 0:00:36]} e6 {[%emt 0:00:11]} 7. Qd2 {[%emt 0:00:24]} Be7 {[%emt 0:00:59]} 8. O-O-O {[%emt 0:02:39]} a6 {[%emt 0:00:03]} 9. f4 {[%emt 0:01:46]} Bd7 {[%emt 0:00:02]} 10. Nf3 {[%emt 0:12:18]} b5 {[%emt 0:00:13]} 11. Bxf6 gxf6 12. f5 {[%emt 0:04:10]} Qb6 {[%emt 0:00:07]} 13. Kb1 {[%emt 0:01:37]} O-O-O {[%emt 0:02:23]} 14. fxe6 {[%emt 0:01:41]} fxe6 {[%emt 0:00:10]} 15. Ne2 {[%emt 0:01:45]} Kb8 {[%emt 0:04:45]} 16. Nf4 {[%emt 0:02:06]} Bc8 {[%emt 0:00:13]} 17. g3 {[%emt 0:01:59]} d5 {[%emt 0:00:06]} 18. exd5 {[%emt 0:04:35]} e5 {[%emt 0:00:01]} 19. Bd3 {[%emt 0:17:15]} Nb4 {[%emt 0:04:16]} 20. Qe2 {[%emt 0:04:21]} Rhe8 {[%emt 0:06:17]} 21. Bxh7 {[%emt 0:05:35]} exf4 {[%emt 0:00:09]} 22. Bg6 {[%emt 0:00:14]} Qe3 {[%emt 0:21:17]} 23. Qxe3 {[%emt 0:06:50]} fxe3 {[%emt 0:00:01]} 24. Bxe8 {[%emt 0:00:45]} Rxe8 {[%emt 0:00:31]} 25. Rhe1 {[%emt 0:08:32]} Bc5 {[%emt 0:03:41]} 26. a3 {[%emt 0:02:39]} Nxc2 {[%emt 0:01:32]} 27. Kxc2 {[%emt 0:00:23]} Bg4 {[%emt 0:00:02]} 28. Ng1 {[%emt 0:04:53]} Bxd1+ {[%emt 0:16:25]} 29. Kxd1 {[%emt 0:00:13]} Re5 {[%emt 0:02:01]} 30. Ke2 {[%emt 0:00:36]} Rxd5 {[%emt 0:00:01]} 31. Nf3 {[%emt 0:01:06]} a5 {[%emt 0:03:47]} 32. h4 {[%emt 0:01:41]} Kc7 {[%emt 0:00:07]} 33. Rh1 {[%emt 0:00:47]} Bf8 {[%emt 0:05:06]} 34. Kxe3 {[%emt 0:00:45]} f5 {[%emt 0:00:57]} 35. Ng5 {[%emt 0:01:36]} Kd7 {[%emt 0:02:38]} 36. Rh2 {[%emt 0:03:44]} Bd6 {[%emt 0:03:45]} 37. Rh3 {[%emt 0:00:45]} Be5 {[%emt 0:01:06]} 38. b4 {[%emt 0:02:13]} a4 {[%emt 0:01:16]} 39. h5 {[%emt 0:00:49]} Bb2 {[%emt 0:00:13]} 40. Rh1 {[%emt 0:04:23]} Bxa3 {[%emt 0:03:38]} 41. Rb1 {[%emt 0:01:09]} Ke7 {[%emt 0:01:53]} 42. h6 {[%emt 0:00:42]} Kf6 {[%emt 0:00:03]} 43. h7 {[%emt 0:01:20]} Rd8 {[%emt 0:05:41]} 44. Nf3 {[%emt 0:00:24]} Re8+ {[%emt 0:00:04]} 45. Kf2 {[%emt 0:00:41]} Rh8 {[%emt 0:00:10]} 46. Nd4 {[%emt 0:01:22]} Rxh7 {[%emt 0:00:02]} 47. Nxb5 {[%emt 0:00:23]} Bb2 {[%emt 0:00:21]} 48. Kf3 {[%emt 0:01:16]} a3 {[%emt 0:01:33]} 49. Nxa3 {[%emt 0:00:22]} Bxa3 {[%emt 0:00:01]} 50. Rb3 {[%emt 0:00:47]} Bc1 {[%emt 0:00:20]} 51. b5 {[%emt 0:00:18]} Rb7 {[%emt 0:01:37]} 52. Rc3 {[%emt 0:01:03]} Bd2 {[%emt 0:00:40]} 53. Rc2 {[%emt 0:00:14]} Bb4 {[%emt 0:01:38]} 54. g4 {[%emt 0:00:20]} fxg4+ {[%emt 0:00:22]} 55. Kxg4 {[%emt 0:00:02]} Rxb5 {[%emt 0:00:05]} 56. Kf4 {[%emt 0:00:22]} Bd6+ {[%emt 0:00:12]} 57. Ke4 {[%emt 0:00:09]} Ke6 {[%emt 0:00:01]} 58. Rc4 {[%emt 0:00:36]} Re5+ {[%emt 0:00:37]} 59. Kd3 {[%emt 0:00:10]} Rf5 {[%emt 0:01:34]} 60. Ke4 {[%emt 0:00:28]} Bc5 {[%emt 0:00:08]} 61. Ra4 {[%emt 0:00:30]} Re5+ {[%emt 0:00:04]} 62. Kf4 {[%emt 0:00:42]} Be3+ {[%emt 0:00:11]} 63. Kf3 {[%emt 0:00:19]} Kf5 {[%emt 0:00:10]} 64. Ra8 {[%emt 0:00:20]} Bc5 {[%emt 0:00:10]} 65. Ra4 {[%emt 0:00:31]} Re3+ {[%emt 0:00:09]} 66. Kg2 {[%emt 0:00:14]} Bd6 {[%emt 0:00:24]} 67. Kf2 {[%emt 0:00:27]} Bf4 {[%emt 0:00:05]} 68. Ra8 {[%emt 0:00:10]} Rb3 {[%emt 0:00:22]} 69. Ke2 {[%emt 0:00:08]} Re3+ {[%emt 0:00:33]} 70. Kf2 {[%emt 0:00:31]} Rc3 {[%emt 0:01:52]} 71. Ke2 {[%emt 0:00:16]} Be5 {[%emt 0:00:09]} 72. Rg8 {[%emt 0:00:20]} Ke4 {[%emt 0:00:10]} 73. Rg4+ {[%emt 0:00:33]} Bf4 {[%emt 0:00:04]} 74. Rg2 {[%emt 0:00:10]} Rc1 {[%emt 0:01:04]} 75. Kf2 {[%emt 0:00:38]} Be3+ {[%emt 0:00:20]} 76. Ke2 {[%emt 0:00:31]} Rc2+ {[%emt 0:00:10]} 77. Kf1 {[%emt 0:00:06]} Bd2 {[%emt 0:00:04]} 78. Kf2 {[%emt 0:00:49]} Bb4+ {[%emt 0:00:23]} 79. Kf1 {[%emt 0:00:13]} Rc1+ {[%emt 0:00:15]} 80. Ke2 {[%emt 0:00:46]} Bd6 {[%emt 0:00:46]} 81. Rg4+ {[%emt 0:00:34]} Bf4 {[%emt 0:00:06]} 82. Rg2 {[%emt 0:00:11]} Rc3 {[%emt 0:00:05]} 83. Kf2 {[%emt 0:00:26]} Kd3 {[%emt 0:00:06]} 84. Kf3 {[%emt 0:00:39]} Be3 {[%emt 0:00:00]} 85. Ra2 {[%emt 0:00:47]} Bd4 {[%emt 0:00:17]} 86. Rg2 {[%emt 0:00:27]} Rc8 {[%emt 0:00:16]} 87. Ra2 {[%emt 0:00:44]} Rf8+ {[%emt 0:00:05]} 88. Kg4 {[%emt 0:00:09]} Ke4 {[%emt 0:00:01]} 89. Re2+ {[%emt 0:00:24]} Be3 {[%emt 0:00:03]} 90. Rg2 {[%emt 0:00:12]} Rh8 {[%emt 0:00:21]} 91. Kg3 {[%emt 0:00:18]} Rf8 {[%emt 0:00:26]} 92. Kg4 {[%emt 0:00:12]} Rf3 {[%emt 0:00:01]} 93. Ra2 {[%emt 0:00:31]} Rf4+ {[%emt 0:00:05]} 94. Kg3 {[%emt 0:00:11]} Rf1 {[%emt 0:00:21]} 95. Rg2 {[%emt 0:00:39]} Bf4+ {[%emt 0:01:28]} 96. Kg4 {[%emt 0:00:12]} Re1 {[%emt 0:00:01]} 97. Kh5 {[%emt 0:01:09]} Kf3 {[%emt 0:00:14]} 98. Rg8 {[%emt 0:01:58]} Re6 {[%emt 0:00:01]} 99. Rh8 {[%emt 0:00:56]} Ke4 {[%emt 0:00:16]} 100. Rg8 {[%emt 0:01:18]} Kf3 {[%emt 0:00:28]} 101. Rh8 {[%emt 0:00:10]} Rf6 {[%emt 0:00:16]} 102. Rh7 {[%emt 0:00:35]} Rf8 {[%emt 0:00:31]} 103. Kg6 {[%emt 0:00:24]} Kg4 {[%emt 0:00:04]} 104. Rf7 {[%emt 0:00:26]} Re8 {[%emt 0:00:05]} 105. Rb7 {[%emt 0:00:11]} Re6+ {[%emt 0:00:08]} 106. Kf7 {[%emt 0:00:15]} Kf5 {[%emt 0:00:02]} 1/2-1/2

[Event "Israeli Open Championship 2019"]
[Site "Jerusalem"]
[Date "2019.12.17"]
[Round "5.4"]
[White "Rechlis, Gad"]
[Black "Tifferet, Shaked"]
[Result "1-0"]
[WhiteElo "2490"]
[BlackElo "2232"]
[Annotator "ChessBase"]
[PlyCount "152"]
[EventDate "2019.12.12"]
[EventType "swiss"]
[EventCountry "ISR"]
[SourceTitle "playchess.com"]
[Source "ChessBase"]
[SourceQuality "1"]
[TimeControl "5400+30"]

1. Nf3 {[%emt 0:42:13]} Nf6 {[%emt 0:00:03]} 2. g3 {[%emt 0:00:10]} d5 {[%emt 0:00:16]} 3. Bg2 {[%emt 0:00:04]} e6 {[%emt 0:00:31]} 4. O-O {[%emt 0:00:12]} Be7 {[%emt 0:00:16]} 5. d3 {[%emt 0:00:29]} b6 {[%emt 0:05:12]} 6. Nbd2 {[%emt 0:05:58]} Bb7 {[%emt 0:00:11]} 7. e4 {[%emt 0:00:13]} dxe4 {[%emt 0:06:17]} 8. dxe4 {[%emt 0:00:16]} O-O {[%emt 0:00:29]} 9. e5 {[%emt 0:00:30]} Nfd7 {[%emt 0:04:32]} 10. Qe2 {[%emt 0:01:18]} Nc5 {[%emt 0:10:25]} 11. Re1 {[%emt 0:10:33]} a5 {[%emt 0:03:13]} 12. Qc4 {[%emt 0:00:28]} Nbd7 {[%emt 0:13:01]} 13. Qg4 {[%emt 0:03:08]} f5 {[%emt 0:07:44]} 14. exf6 {[%emt 0:00:08]} Nxf6 {[%emt 0:00:08]} 15. Qh3 {[%emt 0:00:06]} Qe8 {[%emt 0:07:27]} 16. b3 {[%emt 0:14:28]} Qg6 {[%emt 0:11:47]} 17. c3 {[%emt 0:09:26]} Nfe4 {[%emt 0:01:49]} 18. Nxe4 {[%emt 0:01:10]} Bxe4 {[%emt 0:01:45]} 19. Ne5 {[%emt 0:02:29]} Qf6 {[%emt 0:02:26]} 20. Bf4 {[%emt 0:01:05]} Bxg2 {[%emt 0:04:56]} 21. Qxg2 {[%emt 0:00:09]} g5 {[%emt 0:02:15]} 22. Ng4 {[%emt 0:00:17]} Qg6 {[%emt 0:00:46]} 23. Bxc7 {[%emt 0:00:26]} Nd3 {[%emt 0:01:47]} 24. Ne5 {[%emt 0:02:38]} Nxe5 {[%emt 0:02:06]} 25. Bxe5 {[%emt 0:00:02]} Bc5 {[%emt 0:00:07]} 26. Bd4 {[%emt 0:00:04]} Bxd4 {[%emt 0:00:35]} 27. cxd4 {[%emt 0:00:01]} Rac8 {[%emt 0:04:33]} 28. Re2 {[%emt 0:02:07]} Qd3 {[%emt 0:00:24]} 29. Rae1 {[%emt 0:02:51]} Qxd4 {[%emt 0:04:58]} 30. Qb7 {[%emt 0:00:51]} Rcd8 {[%emt 0:00:37]} 31. Qe7 {[%emt 0:00:21]} Rf6 {[%emt 0:00:39]} 32. Re3 {[%emt 0:00:42]} Rdf8 {[%emt 0:00:21]} 33. R1e2 {[%emt 0:00:31]} Qd1+ {[%emt 0:02:21]} 34. Kg2 {[%emt 0:00:03]} Qd5+ {[%emt 0:00:07]} 35. Kg1 {[%emt 0:00:35]} Qd1+ {[%emt 0:00:58]} 36. Re1 {[%emt 0:00:06]} Qd4 {[%emt 0:00:05]} 37. Rf1 {[%emt 0:01:34]} g4 {[%emt 0:02:01]} 38. Re2 {[%emt 0:00:30]} R8f7 {[%emt 0:00:51]} 39. Qe8+ {[%emt 0:00:02]} Kg7 {[%emt 0:00:13]} 40. Qb5 {[%emt 0:00:19]} Rf5 {[%emt 0:00:20]} 41. Qc6 {[%emt 0:00:02]} R5f6 {[%emt 0:01:15]} 42. Qc2 {[%emt 0:00:32]} h5 {[%emt 0:00:30]} 43. Rd1 {[%emt 0:00:39]} Qc5 {[%emt 0:00:35]} 44. Qxc5 {[%emt 0:00:20]} bxc5 {[%emt 0:00:01]} 45. Rd6 {[%emt 0:00:01]} Ra7 {[%emt 0:00:56]} 46. Rexe6 {[%emt 0:01:07]} Rxe6 {[%emt 0:00:18]} 47. Rxe6 {[%emt 0:00:01]} a4 {[%emt 0:00:44]} 48. Re5 {[%emt 0:00:15]} axb3 {[%emt 0:01:09]} 49. axb3 Ra1+ {[%emt 0:00:00]} 50. Kg2 {[%emt 0:00:02]} Kg6 {[%emt 0:00:25]} 51. Rxc5 {[%emt 0:00:11]} Rb1 {[%emt 0:00:03]} 52. Rb5 {[%emt 0:00:27]} Kh6 {[%emt 0:00:20]} 53. h3 {[%emt 0:00:23]} Kg6 {[%emt 0:00:38]} 54. hxg4 {[%emt 0:00:33]} hxg4 {[%emt 0:00:02]} 55. Rb4 {[%emt 0:00:46]} Kf5 {[%emt 0:01:29]} 56. Rb8 {[%emt 0:01:35]} Ra1 {[%emt 0:00:30]} 57. b4 {[%emt 0:00:14]} Rb1 {[%emt 0:00:06]} 58. b5 {[%emt 0:00:01]} Kg6 {[%emt 0:00:38]} 59. b6 {[%emt 0:01:06]} Kg7 {[%emt 0:00:41]} 60. f4 {[%emt 0:00:10]} gxf3+ {[%emt 0:00:33]} 61. Kxf3 {[%emt 0:00:02]} Rb3+ {[%emt 0:00:07]} 62. Kf4 {[%emt 0:00:08]} Ra3 {[%emt 0:00:50]} 63. Rc8 {[%emt 0:00:52]} Rb3 {[%emt 0:00:06]} 64. Rc6 {[%emt 0:00:10]} Rb5 {[%emt 0:00:51]} 65. g4 {[%emt 0:00:33]} Kf7 {[%emt 0:00:37]} 66. g5 {[%emt 0:00:15]} Ke7 {[%emt 0:00:33]} 67. Rf6 {[%emt 0:00:47]} Rb4+ {[%emt 0:00:10]} 68. Kf5 {[%emt 0:00:10]} Rb5+ {[%emt 0:00:22]} 69. Kg6 {[%emt 0:00:02]} Ke8 {[%emt 0:00:20]} 70. Kh6 {[%emt 0:01:16]} Ke7 {[%emt 0:00:05]} 71. Rc6 {[%emt 0:00:32]} Kd7 {[%emt 0:01:27]} 72. Rc7+ {[%emt 0:01:20]} Ke6 {[%emt 0:00:32]} 73. b7 {[%emt 0:00:35]} Kd6 {[%emt 0:00:24]} 74. Rf7 {[%emt 0:00:12]} Ke6 {[%emt 0:00:05]} 75. g6 {[%emt 0:00:10]} Rb1 {[%emt 0:00:29]} 76. Kg7 {[%emt 0:00:08]} Kd5 {[%emt 0:01:37]} 1-0

[Event "Israeli Open Championship 2019"]
[Site "Jerusalem"]
[Date "2019.12.17"]
[Round "5.5"]
[White "Iliaguev, Nisim"]
[Black "Zalkind, Konstantin"]
[Result "1-0"]
[WhiteElo "2275"]
[BlackElo "2162"]
[Annotator "ChessBase"]
[PlyCount "69"]
[EventDate "2019.12.12"]
[EventType "swiss"]
[EventCountry "ISR"]
[SourceTitle "playchess.com"]
[Source "ChessBase"]
[SourceQuality "1"]
[TimeControl "5400+30"]

1. d4 {[%emt 0:01:43]} d5 {[%emt 0:00:00]} 2. c4 {[%emt 0:01:14]} dxc4 {[%emt 0:00:01]} 3. e4 {[%emt 0:00:11]} b5 {[%emt 0:01:03]} 4. Nf3 {[%emt 0:09:05]} Bb7 {[%emt 0:06:49]} 5. Nc3 {[%emt 0:02:36]} a6 {[%emt 0:03:24]} 6. b3 {[%emt 0:07:39]} b4 {[%emt 0:15:14]} 7. Na4 {[%emt 0:00:16]} e6 {[%emt 0:02:09]} 8. Bxc4 {[%emt 0:04:27]} Bxe4 {[%emt 0:00:20]} 9. O-O {[%emt 0:00:13]} Nf6 {[%emt 0:00:11]} 10. Re1 {[%emt 0:06:47]} Be7 {[%emt 0:00:19]} 11. Bg5 {[%emt 0:00:43]} Bd5 {[%emt 0:02:30]} 12. Bxf6 {[%emt 0:02:40]} Bxf6 {[%emt 0:01:02]} 13. Bxd5 {[%emt 0:00:14]} Qxd5 {[%emt 0:00:10]} 14. Rc1 {[%emt 0:00:02]} Ra7 {[%emt 0:05:21]} 15. Rc5 {[%emt 0:09:42]} Qd6 {[%emt 0:00:38]} 16. d5 {[%emt 0:01:02]} O-O {[%emt 0:01:11]} 17. dxe6 {[%emt 0:00:46]} fxe6 {[%emt 0:01:12]} 18. Qc2 {[%emt 0:02:27]} c6 {[%emt 0:03:15]} 19. Qc4 {[%emt 0:01:44]} Re7 {[%emt 0:03:39]} 20. Qxb4 {[%emt 0:01:23]} Nd7 {[%emt 0:02:10]} 21. Rc4 {[%emt 0:01:20]} Qd5 {[%emt 0:01:32]} 22. Rce4 {[%emt 0:01:09]} c5 {[%emt 0:01:58]} 23. Qc4 {[%emt 0:01:09]} Rfe8 {[%emt 0:02:35]} 24. Qxa6 {[%emt 0:07:46]} Bd4 {[%emt 0:00:51]} 25. Qb5 {[%emt 0:00:30]} Nf6 {[%emt 0:04:20]} 26. R4e2 {[%emt 0:01:36]} e5 {[%emt 0:06:38]} 27. Nb6 {[%emt 0:01:16]} Qf7 {[%emt 0:02:20]} 28. Nc4 {[%emt 0:03:23]} Qd5 {[%emt 0:12:25]} 29. Nxd4 {[%emt 0:01:49]} Qxd4 {[%emt 0:01:25]} 30. Rd2 {[%emt 0:00:52]} Qf4 {[%emt 0:01:33]} 31. Qxc5 {[%emt 0:02:48]} e4 {[%emt 0:01:15]} 32. Qd6 {[%emt 0:03:55]} Qh6 {[%emt 0:00:24]} 33. Rde2 {[%emt 0:02:51]} Rd7 {[%emt 0:00:23]} 34. Qc6 {[%emt 0:01:06]} Qg6 {[%emt 0:01:44]} 35. Nd6 {[%emt 0:01:48]} 1-0

[Event "Israeli Open Championship 2019"]
[Site "Jerusalem"]
[Date "2019.12.17"]
[Round "5.6"]
[White "Golberg, Igor"]
[Black "Cohen Revivo, Shoham"]
[Result "0-1"]
[WhiteElo "2156"]
[BlackElo "2261"]
[Annotator "ChessBase"]
[PlyCount "83"]
[EventDate "2019.12.12"]
[EventType "swiss"]
[EventCountry "ISR"]
[SourceTitle "playchess.com"]
[Source "ChessBase"]
[SourceQuality "1"]
[TimeControl "5400+30"]

1. d4 {[%emt 0:00:00]} d5 {[%emt 0:00:00]} 2. c4 {[%emt 0:00:00]} c6 {[%emt 0:00:00]} 3. Nf3 {[%emt 0:00:08]} Nf6 {[%emt 0:00:00]} 4. g3 {[%emt 0:00:06]} Bf5 {[%emt 0:00:00]} 5. Bg2 {[%emt 0:00:47]} e6 {[%emt 0:00:04]} 6. O-O {[%emt 0:00:21]} Be7 {[%emt 0:00:25]} 7. Qb3 {[%emt 0:00:46]} Qb6 {[%emt 0:00:06]} 8. Nc3 {[%emt 0:01:17]} O-O {[%emt 0:00:34]} 9. c5 {[%emt 0:08:01]} Qxb3 {[%emt 0:00:06]} 10. axb3 {[%emt 0:00:01]} Nbd7 {[%emt 0:00:07]} 11. b4 {[%emt 0:00:23]} a6 {[%emt 0:00:05]} 12. Bf4 {[%emt 0:05:37]} h6 {[%emt 0:00:45]} 13. h3 {[%emt 0:00:57]} Ne4 {[%emt 0:02:05]} 14. g4 {[%emt 0:11:53]} Bh7 {[%emt 0:00:40]} 15. Nxe4 {[%emt 0:00:33]} Bxe4 {[%emt 0:00:07]} 16. Nd2 {[%emt 0:00:08]} Bxg2 {[%emt 0:00:12]} 17. Kxg2 {[%emt 0:00:06]} Bf6 {[%emt 0:00:18]} 18. Bd6 {[%emt 0:01:02]} Rfe8 {[%emt 0:00:05]} 19. e3 {[%emt 0:00:33]} e5 {[%emt 0:00:46]} 20. Nb3 {[%emt 0:00:34]} exd4 {[%emt 0:01:24]} 21. exd4 {[%emt 0:00:24]} Re2 {[%emt 0:00:30]} 22. Rab1 {[%emt 0:01:52]} Rae8 {[%emt 0:02:46]} 23. Rfd1 {[%emt 0:01:29]} Bh4 {[%emt 0:00:44]} 24. Bg3 {[%emt 0:00:08]} Bxg3 {[%emt 0:00:15]} 25. Kxg3 {[%emt 0:00:02]} Nf6 {[%emt 0:00:07]} 26. Kf3 {[%emt 0:00:33]} Rc2 {[%emt 0:03:45]} 27. Rdc1 {[%emt 0:00:12]} Ree2 {[%emt 0:00:30]} 28. Rxc2 {[%emt 0:00:06]} Rxc2 {[%emt 0:00:02]} 29. Na5 {[%emt 0:00:28]} Ne4 {[%emt 0:00:08]} 30. Ra1 {[%emt 0:02:48]} Rxf2+ {[%emt 0:01:40]} 31. Ke3 {[%emt 0:00:07]} Rxb2 {[%emt 0:00:12]} 32. Nxb7 {[%emt 0:00:03]} Rb3+ {[%emt 0:00:36]} 33. Kf4 {[%emt 0:00:16]} Rxb4 {[%emt 0:03:46]} 34. Nd8 {[%emt 0:00:17]} Rxd4 {[%emt 0:01:25]} 35. Nxc6 {[%emt 0:00:06]} Rc4 {[%emt 0:00:23]} 36. Ke5 {[%emt 0:03:29]} Rxc5 {[%emt 0:05:37]} 37. Rxa6 {[%emt 0:00:03]} Nf6 {[%emt 0:06:08]} 38. Ne7+ {[%emt 0:11:20]} Kh7 {[%emt 0:00:05]} 39. Ra3 {[%emt 0:00:13]} Rc4 {[%emt 0:03:48]} 40. Kf5 {[%emt 0:00:13]} d4 {[%emt 0:00:39]} 41. Ke5 {[%emt 0:08:28]} Rc3 {[%emt 0:01:07]} 42. Kxd4 {[%emt 0:45:10]} 0-1

[Event "Israeli Open Championship 2019"]
[Site "Jerusalem"]
[Date "2019.12.17"]
[Round "5.7"]
[White "Lahav, Michal"]
[Black "Sokolovsky, Yahli"]
[Result "1-0"]
[WhiteElo "2244"]
[BlackElo "2045"]
[Annotator "ChessBase"]
[PlyCount "53"]
[EventDate "2019.12.12"]
[EventType "swiss"]
[EventCountry "ISR"]
[SourceTitle "playchess.com"]
[Source "ChessBase"]
[SourceQuality "1"]
[TimeControl "5400+30"]

1. d4 {[%emt 0:00:00]} Nf6 {[%emt 0:02:02]} 2. Bf4 {[%emt 0:00:05]} g6 {[%emt 0:00:53]} 3. Nc3 {[%emt 0:00:18]} d5 {[%emt 0:00:56]} 4. e3 {[%emt 0:00:27]} Bg7 {[%emt 0:00:25]} 5. h4 {[%emt 0:00:23]} h5 {[%emt 0:01:49]} 6. Nf3 {[%emt 0:00:29]} O-O {[%emt 0:16:32]} 7. Be2 {[%emt 0:00:35]} Bg4 {[%emt 0:10:18]} 8. Ne5 {[%emt 0:01:12]} Bxe2 {[%emt 0:00:24]} 9. Qxe2 {[%emt 0:00:26]} Nbd7 {[%emt 0:04:02]} 10. O-O-O {[%emt 0:00:55]} c6 {[%emt 0:02:27]} 11. f3 {[%emt 0:01:08]} Nxe5 {[%emt 0:14:16]} 12. Bxe5 {[%emt 0:03:32]} b5 {[%emt 0:04:55]} 13. g4 {[%emt 0:01:00]} hxg4 {[%emt 0:10:47]} 14. fxg4 {[%emt 0:03:41]} b4 {[%emt 0:01:24]} 15. h5 {[%emt 0:17:30]} bxc3 {[%emt 0:05:42]} 16. h6 {[%emt 0:00:04]} Qb6 {[%emt 0:10:05]} 17. bxc3 {[%emt 0:00:13]} Rfb8 {[%emt 0:06:05]} 18. hxg7 {[%emt 0:04:42]} Qb2+ {[%emt 0:00:10]} 19. Kd2 {[%emt 0:00:02]} Ne4+ {[%emt 0:00:49]} 20. Ke1 {[%emt 0:00:02]} Qxc3+ {[%emt 0:02:16]} 21. Kf1 {[%emt 0:00:02]} f6 {[%emt 0:00:55]} 22. Bxb8 {[%emt 0:06:00]} Rxb8 {[%emt 0:00:15]} 23. Qh2 {[%emt 0:00:15]} Kxg7 {[%emt 0:01:35]} 24. Qxb8 {[%emt 0:00:07]} Qxc2 {[%emt 0:01:08]} 25. Qh8+ {[%emt 0:00:14]} Kf7 {[%emt 0:00:05]} 26. Rh7+ {[%emt 0:00:04]} Ke6 {[%emt 0:00:04]} 27. Qc8+ {[%emt 0:00:10]} 1-0

[Event "Israeli Open Championship 2019"]
[Site "Jerusalem"]
[Date "2019.12.17"]
[Round "5.8"]
[White "Sobel, Ido"]
[Black "Baron, Tal"]
[Result "0-1"]
[WhiteElo "1711"]
[BlackElo "2541"]
[Annotator "ChessBase"]
[PlyCount "42"]
[EventDate "2019.12.12"]
[EventType "swiss"]
[EventCountry "ISR"]
[SourceTitle "playchess.com"]
[Source "ChessBase"]
[SourceQuality "1"]
[TimeControl "5400+30"]

1. e4 {[%emt 0:00:00]} c5 {[%emt 0:00:46]} 2. Nc3 {[%emt 0:00:00]} Nc6 {[%emt 0:00:32]} 3. f4 {[%emt 0:00:00]} g6 {[%emt 0:00:03]} 4. Bc4 {[%emt 0:00:11]} Bg7 {[%emt 0:00:06]} 5. Nf3 {[%emt 0:00:15]} e6 {[%emt 0:00:04]} 6. d3 {[%emt 0:01:03]} Nge7 {[%emt 0:00:02]} 7. O-O {[%emt 0:00:59]} d5 {[%emt 0:00:03]} 8. Bb5 {[%emt 0:00:50]} O-O {[%emt 0:00:19]} 9. Bxc6 {[%emt 0:04:02]} Nxc6 {[%emt 0:00:05]} 10. Qe1 {[%emt 0:00:14]} b6 {[%emt 0:04:23]} 11. a3 {[%emt 0:13:24]} Ba6 {[%emt 0:06:54]} 12. Qg3 {[%emt 0:01:17]} Nd4 {[%emt 0:02:13]} 13. Qf2 {[%emt 0:13:55]} dxe4 {[%emt 0:02:11]} 14. Nxe4 {[%emt 0:00:07]} Nxc2 {[%emt 0:01:21]} 15. Qxc2 {[%emt 0:14:42]} Bxd3 {[%emt 0:00:25]} 16. Qa4 {[%emt 0:00:12]} b5 {[%emt 0:00:21]} 17. Qb3 {[%emt 0:00:06]} c4 {[%emt 0:05:06]} 18. Qb4 {[%emt 0:03:58]} Bxf1 {[%emt 0:02:26]} 19. Kxf1 {[%emt 0:05:52]} Qd3+ {[%emt 0:00:06]} 20. Kg1 {[%emt 0:01:02]} Qxe4 {[%emt 0:00:14]} 21. Bd2 {[%emt 0:00:25]} Rfd8 {[%emt 0:00:56]} 0-1

[Event "Israeli Open Championship 2019"]
[Site "Jerusalem"]
[Date "2019.12.17"]
[Round "5.9"]
[White "Slonimskij, Arkadij"]
[Black "Gorodetzky, Matan"]
[Result "0-1"]
[WhiteElo "2133"]
[BlackElo "2284"]
[Annotator "ChessBase"]
[PlyCount "56"]
[EventDate "2019.12.12"]
[EventType "swiss"]
[EventCountry "ISR"]
[SourceTitle "playchess.com"]
[Source "ChessBase"]
[SourceQuality "1"]
[TimeControl "5400+30"]

1. d4 {[%emt 0:00:00]} d5 {[%emt 0:00:24]} 2. c4 {[%emt 0:00:00]} e6 {[%emt 0:00:14]} 3. cxd5 exd5 {[%emt 0:00:08]} 4. Nc3 {[%emt 0:00:00]} c5 {[%emt 0:00:58]} 5. Nf3 {[%emt 0:02:45]} Nc6 {[%emt 0:00:26]} 6. g3 {[%emt 0:00:24]} Nf6 {[%emt 0:01:03]} 7. Bg2 {[%emt 0:00:14]} cxd4 {[%emt 0:01:08]} 8. Nxd4 {[%emt 0:00:30]} Bc5 {[%emt 0:00:08]} 9. Nb3 {[%emt 0:02:00]} Bb6 {[%emt 0:00:04]} 10. O-O {[%emt 0:00:41]} d4 {[%emt 0:01:04]} 11. Na4 {[%emt 0:02:51]} O-O {[%emt 0:00:59]} 12. Nxb6 {[%emt 0:00:26]} axb6 {[%emt 0:00:17]} 13. Bd2 {[%emt 0:07:21]} Re8 {[%emt 0:02:58]} 14. Nc1 {[%emt 0:01:31]} Be6 {[%emt 0:12:33]} 15. Nd3 {[%emt 0:06:07]} Bd5 {[%emt 0:06:07]} 16. f3 {[%emt 0:02:55]} Bc4 {[%emt 0:08:44]} 17. Re1 {[%emt 0:09:48]} Nd5 {[%emt 0:03:28]} 18. Qc2 {[%emt 0:01:58]} Ba6 {[%emt 0:02:29]} 19. b4 {[%emt 0:05:03]} Ne3 {[%emt 0:08:07]} 20. Qb1 {[%emt 0:04:42]} Bb5 {[%emt 0:00:50]} 21. Nb2 {[%emt 0:02:56]} Nxg2 {[%emt 0:02:22]} 22. Kxg2 {[%emt 0:00:05]} Bxe2 {[%emt 0:00:16]} 23. Qf5 {[%emt 0:11:09]} g6 {[%emt 0:02:27]} 24. Qc2 {[%emt 0:03:03]} d3 {[%emt 0:07:18]} 25. Qc3 {[%emt 0:02:40]} Qd5 {[%emt 0:02:46]} 26. Bh6 {[%emt 0:02:16]} Nd4 {[%emt 0:02:51]} 27. Nxd3 {[%emt 0:11:06]} Qxf3+ {[%emt 0:01:06]} 28. Kg1 {[%emt 0:00:30]} Qxd3 {[%emt 0:02:13]} 0-1